Zomrel národný umelec, prof. Orest Dubay

Bibliographic Details
Main Author: Skrak, Ladislav, 1951- (Author)
Format: Article
Language:Slovak
PhysicalDescription:Obr.
ISSN:1335-468X
Subjects:

MARC

LEADER 00000nab a2200000 ar4500
001 vtls008408407
003 SK-MaSNL
005 20260303070103.0
008 051108c2005 xo wr|p|||||||000 b|slo
015 |a SNBRB2005/11  |2 snkbucl 
040 |a SNKBUCL  |b slo  |c SNKBUCL  |e AACR2 
041 0 |a slo 
044 |a xo  |c SK 
080 |a 75.071.1  |2 UDC-MRF-SK2 
080 |a 76.071.1  |2 UDC-MRF-SK2 
080 |a 730.071.1  |2 UDC-MRF-SK2 
080 |a 929 Dubay, Orest  |2 UDC-MRF-SK2 
100 1 |a Skrak, Ladislav,  |d 1951-  |4 aut  |9 182622 
245 1 0 |a Zomrel národný umelec, prof. Orest Dubay  |c Ladislav Skrak 
300 |b Obr. 
600 1 7 |a Dubay, Orest,  |d 1919-2005  |2 snkbucl  |9 110016 
655 7 |a nekrológy  |2 snkbucl  |9 402542 
773 0 |t Slovo. Spoločensko-politický týždenník  |g Roč. VII, č. 42 (2005), s. 13  |x 1335-468X 
852 |a SNK  |b KIS3GCP 
958 |a BX 
958 |a SK 
999 |c 1753901  |d 1755831